Lo que ahora importa: cómo asegurar el futuro de su empresa y otros consejos esenciales del mayor experto en estrategia empresarial

Сохранить в:
Библиографические подробности
Главный автор: Hamel, Gary
Формат:
Язык:испанский
Опубликовано: Barcelona Deusto 2012
Редактирование:1a. ed
Предметы:
Метки: Добавить метку
Нет меток, Требуется 1-ая метка записи!

MARC

LEADER 00000cam a2200000 a 4500
001 UCF2737
003 CL-VaPUC
008 120910e20120000SP |||||||||||||||||spa|d
020 |a 9788423409143 
082 0 4 |a 658  |b HAM  |2 21 
100 |a Hamel, Gary  |9 616382 
245 1 3 |a Lo que ahora importa: cómo asegurar el futuro de su empresa y otros consejos esenciales del mayor experto en estrategia empresarial 
250 |a 1a. ed 
300 |a 330 p 
942 |c BK 
945 |d 20120910 00:00:00  |a cmena 
260 |a Barcelona  |b Deusto  |c 2012 
650 0 |a Administración de empresas   |9 260833 
650 0 |a Planificación estratégica   |9 259735 
650 0 |a Gestión de la información   |9 362327 
583 |a last modification  |c 20120910 11:39:00  |k Rodrigo Vera 
999 |c 349276  |d 349274 
952 |0 0  |1 0  |4 0  |6 658_000000000000000_HAM_2012  |7 0  |8 A  |9 451842  |a BIBING  |b BIBING  |d 2019-11-22  |i 4901770  |l 3  |m 1  |o 658 HAM 2012  |p 4901770  |r 2025-01-20  |s 2022-12-22  |w 2019-11-22  |y BK  |k EII